Jaskaran Singh
Romanos IV Diogenes’ Macaroni Grill
Categories
History - Other History | 2 | 5 | 1 | 1 | 75 | 62 | 103.29 | 1 | 3 |
History - World History | 2 | 4 | 0 | 2 | 70 | 71 | 117.50 | 0 | 5 |
History - US History | 2 | 3 | 3 | 0 | 45 | 20 | 82.40 | 1 | 4 |
Modern World | 1 | 1 | 0 | 0 | 25 | 66 | 77.00 | 2 | 2 |
Other Academic | 1 | 0 | 0 | 0 | 15 | 14 | 14.00 | 1 | 1 |
History - European History | 0 | 3 | 3 | 1 | 15 | 91 | 114.00 | 0 | 2 |
Beliefs | 0 | 2 | 1 | 0 | 15 | 93 | 111.00 | 0 | 2 |
Literature - British Literature | 0 | 1 | 0 | 1 | 10 | 154 | 154.00 | 0 | 0 |
Literature - American Literature | 0 | 1 | 0 | 0 | 10 | 85 | 85.00 | 1 | 1 |
Geography | 0 | 0 | 1 | 0 | -5 | 0.00 | 0 | 0 |